Zavřete tu banku do vězení!

Trestná zodpovednosť právnických osôb – a tak i bánk, poisťovní, zaisťovní a ďalších finančných inštitúcií. Najzásadnejšie zmeny v pravidlách o trestnej zodpovednosti právnických osôb v Českej rebublike.

Salvato in:
Dettagli Bibliografici
Autore principale: Januš, Jan
Natura: Capitolo di libro
Lingua:ceco
Soggetti:
Tags: Aggiungi Tag
Nessun Tag, puoi essere il primo ad aggiungerne!!

MARC

LEADER 00000naa a2200000 4500
001 0225865
005 20170110092303.0
041 0 |a cze 
044 |a CZ 
245 1 0 |a Zavřete tu banku do vězení!  |c Jan Januš 
520 |a Trestná zodpovednosť právnických osôb – a tak i bánk, poisťovní, zaisťovní a ďalších finančných inštitúcií. Najzásadnejšie zmeny v pravidlách o trestnej zodpovednosti právnických osôb v Českej rebublike. 
610 2 0 |a právo trestné 
610 2 0 |a zodpovednosť trestná 
610 2 0 |a banky 
610 2 0 |a inštitúcie finančné 
610 2 0 |a zaisťovne 
610 2 0 |a poisťovne 
610 2 0 |a osoby právnické 
610 2 0 |a zákony 
610 2 0 |a Česko 
100 1 |a Januš, Jan